Escuela y significados dominantes

Saved in:
Bibliografiske detaljer
Hovedforfatter: Ochoa Moreno, Jorge (autor)
Format: Bog
Sprog:spansk
Udgivet: Santiago C.I.D.E 1987
Serier:Documentos de trabajo, 10
Fag:
Tags: Tilføj Tag
Ingen Tags, Vær først til at tagge denne postø!

MARC

LEADER 00000nam a2200000 a 4500
001 UCW4078
003 CL-VaPUC
008 890825e19870000CL |||||||||||||||||spa|d
082 0 4 |a 306.43  |b OCH  |2 21 
100 |a Ochoa Moreno, Jorge  |e autor  |9 356046 
245 1 0 |a Escuela y significados dominantes 
300 |a 18 p 
942 |c BK 
945 |d 19890825 00:00:00 
260 |a Santiago  |b C.I.D.E  |c 1987 
650 0 |a Sociología de la educación   |9 260380 
583 |a last modification  |c 19890825 00:00:00  |k Rodrigo Vera 
490 0 |a Documentos de trabajo, 10 
999 |c 217899  |d 217897 
952 |0 0  |1 0  |4 0  |6 306_430000000000000_OCH_1987  |7 0  |8 A  |9 206520  |a BIBEDU  |b BIBEDU  |d 2019-11-15  |i 2743353  |o 306.43 OCH 1987  |p 2743353  |r 2019-11-15  |w 2019-11-15  |y BK  |k EDU 
952 |0 0  |1 0  |4 0  |6 306_430000000000000_OCH_1987  |7 0  |8 A  |9 206521  |a BIBEDU  |b BIBEDU  |d 2019-11-15  |i 2743361  |o 306.43 OCH 1987  |p 2743361  |r 2019-11-15  |w 2019-11-15  |y BK  |k EDU